Visions of the future of social justice Essays on the occasion of the ILO's 75th Anniversary

Bibliographic Details
Format: Book
Language:French
PhysicalDescription:XII, 328 s. 24 cm
Published: Geneva International Labour Office 1994
ISBN:9221080110

MARC

LEADER 00000cam a2200000 a 4500
001 vtls001168858
003 SK-MaSNL
005 20260223212725.0
008 250414s1994 sz gr 0 0 fre
020 |a 9221080110 
035 |a SNK000111838 
040 |a SNK  |b slo  |c SNK  |e AACR2 
041 0 |a fre 
044 |a sz  |c CH 
080 |a 061.2(100):331(091)"1919/1994"(082)  |2 1981 
080 |a 331(091)"1919/1994"(082)  |2 1981 
245 0 0 |a Visions of the future of social justice  |b Essays on the occasion of the ILO's 75th Anniversary 
260 |a Geneva  |b International Labour Office  |c 1994 
300 |a XII, 328 s.  |c 24 cm 
852 |a Slovenská národná knižnica 
919 |a 92-2-108011-0 
999 |c 709463  |d 711393 
952 |t P60, <04>, [BOOK], {604}  |a SNK  |b SNK  |y VYP  |7 0  |p 17A0056807  |o snkIC 124298  |0 0  |1 0  |4 0  |d 1997-03-20  |l 0  |r 2005-01-01 00:00:00  |w 2026-02-23